Oficiálna rozvojová asistencia (ORA): Historický prehľad vývoja pohľadov na termín hospodársky rozvoj a prístupy k jeho financovaniu

Historický prehľad rozvojových teórií, vysvetlených aj na pozadí politicko-ekonomických podmienok, ktoré sa menili v čase, a ktoré spoločne výrazne ovplyvňovali prístupy k rozvojovej pomoci, jej ciele a formy.

Na minha lista:
Detalhes bibliográficos
Autor principal: Rimegová, Katarína
Outros Autores: Šoltés, Michal
Formato: Capítulo de Livro
Idioma:eslovaco
Assuntos:
Tags: Adicionar Tag
Sem tags, seja o primeiro a adicionar uma tag!

MARC

LEADER 00000naa$a2200000$$$4500
001 0209507
005 20221020085732.0
041 0 |a slo 
044 |a SK 
245 1 0 |a Oficiálna rozvojová asistencia (ORA): Historický prehľad vývoja pohľadov na termín hospodársky rozvoj a prístupy k jeho financovaniu  |c Katarína Rimegová, Michal Šoltés 
520 |a Historický prehľad rozvojových teórií, vysvetlených aj na pozadí politicko-ekonomických podmienok, ktoré sa menili v čase, a ktoré spoločne výrazne ovplyvňovali prístupy k rozvojovej pomoci, jej ciele a formy. 
610 2 0 |a história 
610 2 0 |a dejiny 
610 2 0 |a teórie ekonomické 
610 2 0 |a rozvoj hospodársky 
610 2 0 |a krajiny vyspelé 
610 2 0 |a pomoc rozvojová 
610 2 0 |a stratégia hospodárska 
610 2 0 |a OECD 
100 1 |a Rimegová, Katarína 
700 1 |a Šoltés, Michal